Práce a kapitál v komparativní organizaci firmy
Rozhodovacie procesy vo firme na pozadí diferencovaných záujmov skupín podnikového organizmu. Mechanizmy a inštitúcie tohto rozhodovania. Rutinné kolektívne vyjednávanie a kontrola firmy. Zamestnanecké spolurozhodovanie a kontrola firmy. Alternatívne inštitúcie vzťahov medzi prácou a kapitálom.
Guardado en:
| Autor principal: | |
|---|---|
| Formato: | Capítulo de libro |
| Lenguaje: | checo |
| Materias: | |
| Etiquetas: |
Sin Etiquetas, Sea el primero en etiquetar este registro!
|
MARC
| LEADER | 00000naa a2200000 4500 | ||
|---|---|---|---|
| 001 | r033178 | ||
| 005 | 20230912091906.5 | ||
| 041 | 0 | |a cze | |
| 044 | |a CZ | ||
| 245 | 1 | 0 | |a Práce a kapitál v komparativní organizaci firmy |c Vladislav Flek |
| 520 | |a Rozhodovacie procesy vo firme na pozadí diferencovaných záujmov skupín podnikového organizmu. Mechanizmy a inštitúcie tohto rozhodovania. Rutinné kolektívne vyjednávanie a kontrola firmy. Zamestnanecké spolurozhodovanie a kontrola firmy. Alternatívne inštitúcie vzťahov medzi prácou a kapitálom. | ||
| 610 | 2 | 0 | |a procesy rozhodovacie |
| 610 | 2 | 0 | |a podnik |
| 610 | 2 | 0 | |a vyjednávanie kolektívne |
| 610 | 2 | 0 | |a kontrola |
| 610 | 2 | 0 | |a náklady transakčné |
| 610 | 2 | 0 | |a práca |
| 610 | 2 | 0 | |a kapitál |
| 610 | 2 | 0 | |a pracovníci |
| 100 | 1 | |a Flek, Vladislav | |